| 000 | 00529nam a22001577a 4500 | ||
|---|---|---|---|
| 999 |
_c534158 _d534158 |
||
| 020 | _qHard Cover. | ||
| 082 | _a620.11 | ||
| 100 | _aMuhammad Asif, | ||
| 245 |
_aDoping / Functionalization and Characterization of Mono and Few Layer Graphene / _cMuhammad Asif. |
||
| 260 |
_aIslamabad: _bSCME - NUST, _c2012. |
||
| 300 |
_a61 p. : _bill. ; _c30cm. |
||
| 942 |
_2ddc _cTHE |
||
| 650 |
_aEnergatics Material Engineering MS-Thesis. _928307 |
||
| 700 |
_aDr. Habib Nasir _916070 |
||